Systems of higher education in twelve countries : a comparative view /

Bibliographic Details
Main Author: Eurich, Nell
Format: Book
Language:English
Published: New York, N.Y. : Praeger, 1981.
Series:Praeger special studies series in comparative education.
Subjects:

MARC

Tag First Indicator Second Indicator Subfields
LEADER 00000pam a2200000 a 4500
001 in00000098722
005 20150924155719.0
008 810217s1981 nyu b 00010 eng
010 |a  81001245  
020 |a 0030593913 :  |c $20.95 
035 |a (OCoLC)07283669 
035 |9 AAK9831AM 
039 0 |a 2  |b 3  |c 3  |d 3  |e 3 
040 |a DLC  |c DLC  |d TXA  |d UtOrBLW 
049 |a TXAM  |c [933742] 
050 0 0 |a LA183  |b  E9 
082 0 |a 378  |2 19 
100 1 |a Eurich, Nell. 
245 1 0 |a Systems of higher education in twelve countries :  |b a comparative view /  |c Nell P. Eurich. 
264 1 |a New York, N.Y. :  |b Praeger,  |c 1981. 
300 |a xiii, 153 pages ;  |c 25 cm. 
336 |a text  |b txt  |2 rdacontent 
337 |a unmediated  |b n  |2 rdamedia 
338 |a volume  |b nc  |2 rdacarrier 
490 1 |a Praeger special studies series in comparative education 
504 |a Includes bibliographical references. 
650 0 |a Education, Higher. 
650 0 |a Higher education and state. 
650 0 |a Comparative education. 
830 0 |a Praeger special studies series in comparative education. 
999 |a MARS 
999 f f |s 29691ffa-b656-35bc-81f5-da6fc3808b33  |i 6be5e7a5-14a3-316a-bcaf-7b579ef79dc7  |t 0 
952 f f |p normal  |a Texas A&M University  |b College Station  |c Sterling C. Evans Library  |d Evans: Library Stacks  |t 0  |e LA183 E9  |h Library of Congress classification  |i unmediated -- volume  |m A14806033391 
998 f f |a LA183 E9  |t 0  |l Evans: Library Stacks